00476nam a2200121Ia 4500008004100000100001900041245013700060245004900197260000900246300003100255440004500286650002300331171207s9999 xx 000 0 und d aCarrizo, Dante aContextual attributes impacting the effectiveness of requirements elicitation Techniques: Mapping theoretical and empirical research cDante Carrizo, Oscar Dieste, Natalia Juristo c2017 apages 194-221, August 2017 aInformation and Software Technologyv92: aSOFTWARE TECHNLOGY